[Event "Titled Tuesday intern op 16th Jan Early"]
[Site "Chess.com INT"]
[Date "2024.01.16"]
[Round "2"]
[White "Filipovic, Slobodan J"]
[Black "Nurmanova, Alua"]
[Result "1-0"]
[WhiteElo "2191"]
[BlackElo "2326"]
[PlyCount "65"]
[EventDate "2024.01.16"]
[EventType "swiss (blitz)"]
[EventRounds "11"]
[EventCountry "USA"]
[SourceTitle "CB04_2024"]
[SourceDate "2023.10.16"]
[SourceVersion "1"]
[SourceVersionDate "2023.10.16"]
[SourceQuality "1"]

1. e4 c5 2. Nf3 d6 3. Nc3 Nf6 4. d4 cxd4 5. Nxd4 a6 6. Bd3 e6 7. 0-0 Be7 8. Nde2 0-0 9. Ng3 Nc6 10. f4 b5 11. a3 Bb7 12. Nh5 Nxh5 13. Qxh5 g6 14. Qh6 Bf6 15. Be3 Bg7 16. Qh3 f5 17. g4 fxg4 18. Qxg4 Qe7 19. f5 Ne5 20. Qh3 exf5 21. Rae1 fxe4 22. Bxe4 Bxe4 23. Nxe4 Nc4 24. Bg5 Qa7+ 25. Kh1 Qb7 26. Qg2 Bxb2 27. Nf6+ Bxf6 28. Qxb7 Bxg5 29. Qd5+ Kg7 30. Qxg5 Ne5 31. Qe7+ Nf7 32. Qf6+ Kg8 33. Re7 1-0

[Event "Wch Rapid (Women)"]
[Site "Samarkand"]
[Date "2023.12.27"]
[Round "5"]
[White "Khotenashvili, Bela"]
[Black "Nurmanova, Alua"]
[Result "1-0"]
[WhiteElo "2467"]
[BlackElo "2326"]
[PlyCount "91"]
[EventDate "2023.12.26"]
[EventType "swiss (rapid)"]
[EventRounds "11"]
[EventCountry "UZB"]
[SourceTitle "CB01_2024"]
[SourceDate "2024.01.03"]
[SourceVersion "1"]
[SourceVersionDate "2024.01.03"]
[SourceQuality "1"]

1. d4 Nf6 2. Nf3 g6 3. g3 Bg7 4. Bg2 0-0 5. 0-0 d6 6. a4 a5 7. Nc3 Nc6 8. Nb5 Bf5 9. Nh4 Bd7 10. e4 e5 11. dxe5 Nxe5 12. h3 Bc6 13. Re1 Re8 14. Nd4 Bd7 15. f4 Nc6 16. c3 Re7 17. Kh2 Qe8 18. Qc2 Nxd4 19. cxd4 Bc6 20. e5 Nd5 21. Bd2 Nb4 22. Qb3 Bxg2 23. Nxg2 dxe5 24. Bxb4 axb4 25. dxe5 c5 26. Qc4 b6 27. b3 Kh8 28. Rad1 Rd8 29. Ne3 Red7 30. Rxd7 Rxd7 31. Re2 Qd8 32. h4 h5 33. Qe4 Rd4 34. Qb7 Rd7 35. Qc6 Rd3 36. Nc4 Rxb3 37. Nd6 Qe7 38. Qd5 Rb1 39. Nxf7+ Kh7 40. Ng5+ Kh8 41. Qd3 Rc1 42. Qxg6 Kg8 43. f5 Qb7 44. Qh7+ Kf8 45. Ne6+ Ke8 46. Qg8+ 1-0

[Event "KAZ-ch (Women)"]
[Site "Astana"]
[Date "2023.12.21"]
[Round "7"]
[White "Nurmanova, Alua"]
[Black "Sultanbek, Zeinep"]
[Result "1-0"]
[WhiteElo "2326"]
[BlackElo "2008"]
[PlyCount "71"]
[EventDate "2023.12.13"]
[EventType "tourn"]
[EventRounds "9"]
[EventCountry "KAZ"]
[SourceTitle "CB52_2023"]
[SourceDate "2023.12.27"]
[SourceVersion "1"]
[SourceVersionDate "2023.12.27"]
[SourceQuality "1"]

1. e4 c5 2. Nf3 d6 3. d4 cxd4 4. Nxd4 Nf6 5. Nc3 a6 6. Be3 e5 7. Nb3 Be6 8. h3 h5 9. f4 exf4 10. Bxf4 Nc6 11. Qf3 Rc8 12. 0-0-0 Qc7 13. Qf2 Bxb3 14. cxb3 Ne5 15. Kb1 b5 16. Nd5 Nxd5 17. exd5 Be7 18. Bxe5 dxe5 19. Bd3 g6 20. Bxg6 fxg6 21. d6 Bxd6 22. Qf6 Kd7 23. Qf7+ Kd8 24. Qe6 Qc2+ 25. Ka1 Rc6 26. Rxd6+ Rxd6 27. Qxd6+ Kc8 28. Qxa6+ Kc7 29. Qxb5 Rd8 30. Qxe5+ Kc8 31. Qc3+ Qxc3 32. bxc3 Rd2 33. Rg1 g5 34. c4 Kc7 35. g4 h4 36. Rf1 1-0

[Event "KAZ-ch (Women)"]
[Site "Astana"]
[Date "2023.12.17"]
[Round "4"]
[White "Nurmanova, Alua"]
[Black "Kurmangaliyeva, Liya"]
[Result "1-0"]
[WhiteElo "2326"]
[BlackElo "2261"]
[PlyCount "93"]
[EventDate "2023.12.13"]
[EventType "tourn"]
[EventRounds "9"]
[EventCountry "KAZ"]
[SourceTitle "CB52_2023"]
[SourceDate "2023.12.27"]
[SourceVersion "1"]
[SourceVersionDate "2023.12.27"]
[SourceQuality "1"]

1. e4 e5 2. Nf3 Nc6 3. Bb5 a6 4. Ba4 Nf6 5. 0-0 Bc5 6. c3 b5 7. Bb3 d6 8. d4 Bb6 9. a4 Bg4 10. Bg5 Rb8 11. d5 Ne7 12. h3 Bh5 13. Nbd2 Nd7 14. Bc2 h6 15. Be3 Bxe3 16. fxe3 0-0 17. axb5 axb5 18. Qe1 Bg6 19. Nh4 Bh7 20. Rc1 b4 21. c4 Nc5 22. b3 Kh8 23. Nf5 Ng8 24. g4 Bxf5 25. exf5 e4 26. Qg3 Re8 27. h4 Ra8 28. g5 Qe7 29. f6 gxf6 30. Rf5 Ra2 31. Kh1 Qf8 32. gxf6 Nd7 33. Qf4 Re5 34. Rxe5 dxe5 35. Qxe4 Ngxf6 36. Qf5 Qg7 37. Ne4 Qg4 38. Nxf6 Qxh4+ 39. Kg1 Nxf6 40. Qxe5 Kg8 41. Qh2 Qxh2+ 42. Kxh2 Ng4+ 43. Kg3 Nxe3 44. Be4 f5 45. Bf3 Kf7 46. c5 Ke7 47. Re1 1-0

[Event "KAZ Cup Final (Women)"]
[Site "Almaty"]
[Date "2023.12.04"]
[Round "4.1"]
[White "Nurgaliyeva, Zarina"]
[Black "Nurmanova, Alua"]
[Result "0-1"]
[WhiteElo "2104"]
[BlackElo "2367"]
[PlyCount "78"]
[EventDate "2023.11.28"]
[EventType "k.o."]
[EventRounds "4"]
[EventCountry "KAZ"]
[SourceTitle "CB49_2023"]
[SourceDate "2023.12.06"]
[SourceVersion "1"]
[SourceVersionDate "2023.12.06"]
[SourceQuality "1"]

1. e4 c5 2. Nf3 d6 3. Bb5+ Bd7 4. Bxd7+ Nxd7 5. 0-0 e6 6. Qe2 Be7 7. d4 cxd4 8. Nxd4 a6 9. c4 Bf6 10. Be3 Ne7 11. Nd2 0-0 12. f4 Nc6 13. N2f3 Nxd4 14. Nxd4 Rc8 15. Nf3 Qc7 16. Rac1 Qc6 17. Bf2 e5 18. f5 Bd8 19. Kh1 Nf6 20. Nd2 Ba5 21. Bh4 Bxd2 22. Bxf6 Bh6 23. Qh5 Qxe4 24. Rc3 Rxc4 25. Rg3 Qf4 26. Rgf3 Qg4 27. Qxg4 Rxg4 28. Be7 Re8 29. Bxd6 Rd4 30. Bc5 Rd2 31. Rb3 e4 32. Re1 e3 33. Kg1 e2 34. Kf2 Rd5 35. Rxe2 Rxf5+ 36. Ke1 Rxe2+ 37. Kxe2 Rxc5 38. Rxb7 g6 39. a3 Rc2+ 0-1

[Event "Wch U16 Girls"]
[Site "Montesilvano"]
[Date "2023.11.15"]
[Round "3"]
[White "Zhou, Shumeng"]
[Black "Nurmanova, Alua"]
[Result "1/2-1/2"]
[WhiteElo "1559"]
[BlackElo "2367"]
[PlyCount "128"]
[EventDate "2023.11.13"]
[EventType "swiss"]
[EventRounds "11"]
[EventCountry "ITA"]
[SourceTitle "CB48_2023"]
[SourceDate "2023.11.29"]
[SourceVersion "1"]
[SourceVersionDate "2023.11.29"]
[SourceQuality "1"]

1. Nf3 Nf6 2. g3 g6 3. Bg2 Bg7 4. 0-0 0-0 5. c4 d6 6. d4 Nc6 7. Nc3 Bf5 8. Re1 a6 9. b3 Rb8 10. e4 Bg4 11. h3 Bxf3 12. Bxf3 e5 13. d5 Nd4 14. Be3 Nxf3+ 15. Qxf3 Nd7 16. Qg2 f5 17. f3 f4 18. Bf2 fxg3 19. Qxg3 Nf6 20. Be3 Qe7 21. Ne2 Rf7 22. Rac1 c5 23. dxc6 bxc6 24. Rcd1 a5 25. Nc3 Rbf8 26. Rf1 Nh5 27. Qg4 Nf4 28. Bxf4 exf4 29. Ne2 Be5 30. Qg2 c5 31. Rd3 Qf6 32. Rc1 h5 33. Nc3 g5 34. Nd5 Qe6 35. Kf2 Rg7 36. Rh1 Rb8 37. a4 Bd4+ 38. Ke2 Qe5 39. Rb1 Kf7 40. Kd2 Rbg8 41. Rf1 Ke8 42. Qh2 Kd7 43. Kc2 Kc6 44. Re1 Kb7 45. Re2 Qe6 46. h4 Be5 47. hxg5 Rxg5 48. Qh4 Qf7 49. Red2 Rg1 50. Rd1 R1g2+ 51. R1d2 Rg1 52. Rd1 R1g2+ 53. R1d2 R8g5 54. Rxg2 Rxg2+ 55. Rd2 Rg8 56. Rh2 Qe6 57. Rd2 Qf7 58. Rh2 Qf8 59. Rd2 Rh8 60. Rg2 Ka6 61. Nc7+ Kb6 62. Nd5+ Ka6 63. Nc7+ Kb6 64. Nd5+ Ka6 1/2-1/2